000 00617nam a22002297a 4500
005 20260511124830.0
008 260511b |||||||| |||| 00| 0 eng d
020 _a9780323758017
_c5676.66
040 _aMAIN
041 _aEnglish
082 _a571.6
_bPOL
100 _aPollard, Thomas D.
_926779
245 _aCell Biology
250 _a4th
260 _aPhiladelphia
_bElsevier
_c2024
300 _a392
650 _aEnvironment Science (PM USHA)
_926725
700 _aEarnshaw, William C.
_926780
700 _aSchwartz, Jennifer Lippincott
_926781
700 _aJohnson, Graham T.
_926782
942 _cBK
999 _c60758
_d60758